|
|
|
|
| LEADER |
02609cam a2200589 i 4500 |
| 001 |
nkc20213366583 |
| 003 |
CZ PrNK |
| 005 |
20230818115426.0 |
| 007 |
ta |
| 008 |
211104s2021 xr c 000 f cze d |
| 015 |
|
|
|a cnb003366583
|
| 020 |
|
|
|a 978-80-252-5070-9
|q (vázáno) :
|c Kč 349,00
|
| 035 |
|
|
|a (OCoLC)1288051813
|
| 035 |
|
|
|a (OCoLC)1291385441
|
| 040 |
|
|
|a CBA001
|b cze
|d ABG001
|e rda
|
| 041 |
1 |
|
|a cze
|h eng
|
| 072 |
|
7 |
|a 821.111-3
|x Anglická próza, anglicky psaná
|2 Konspekt
|9 25
|
| 072 |
|
7 |
|a 821-93
|x Literatura pro děti a mládež (beletrie)
|2 Konspekt
|9 26
|
| 080 |
|
|
|a 821.111(94)-31
|2 MRF
|
| 080 |
|
|
|a 821-93
|2 MRF
|
| 080 |
|
|
|a (0:82-312.9)
|2 MRF
|
| 100 |
1 |
|
|a Flanagan, John
|q (John Anthony),
|d 1944-2026
|7 xx0081982
|4 aut
|
| 240 |
1 |
0 |
|a Escape from Falaise.
|l Česky
|
| 245 |
1 |
0 |
|a Hraničářův učeň.
|n Kniha šestnáctá,
|p Útěk z Falaise /
|c John Flanagan ; z anglického originálu Ranger's apprentice: the royal ranger - Escape from Falaise přeložila Eva Dejmková
|
| 246 |
3 |
0 |
|a Útěk z Falaise
|
| 250 |
|
|
|a První vydání
|
| 264 |
|
1 |
|a V Praze :
|b Egmont,
|c 2021
|
| 300 |
|
|
|a 239 stran ;
|c 21 cm
|
| 336 |
|
|
|a text
|b txt
|2 rdacontent
|
| 337 |
|
|
|a bez média
|b n
|2 rdamedia
|
| 338 |
|
|
|a svazek
|b nc
|2 rdacarrier
|
| 490 |
1 |
|
|a Fantasy
|
| 500 |
|
|
|a Dotisk v roce 2022
|
| 520 |
|
|
|a Další kniha fantasy série o hraničářském učni a jeho přátelích.
|b Když jejich plán na záchranu galického prince strašlivě selže, Will Dohoda a jeho učeňka Maddie jsou uvězněni na hradě Falaise. Nebezpečný baron Lassigny má v úmyslu držet je i prince za každou cenu v zajetí, ale Will a Maddie jsou odhodláni uprchnout a pokusit se zachránit prince ještě jednou. Všechno se však zdá být proti nim. Dokážou i tentokrát zvítězit? Nakladatelská anotace.
|
| 521 |
8 |
|
|a Pro čtenáře od 10 let
|
| 655 |
|
7 |
|a australské romány
|7 fd131842
|2 czenas
|
| 655 |
|
7 |
|a fantasy romány
|7 fd184199
|2 czenas
|
| 655 |
|
7 |
|a publikace pro mládež
|7 fd133157
|2 czenas
|
| 655 |
|
9 |
|a Australian fiction
|2 eczenas
|
| 655 |
|
9 |
|a fantasy novels
|2 eczenas
|
| 655 |
|
9 |
|a juvenile literature
|2 eczenas
|
| 700 |
1 |
|
|a Dejmková, Eva
|7 xx0111678
|4 trl
|
| 765 |
1 |
|
|t Ranger's apprentice
|9 Česky
|
| 765 |
1 |
|
|t Royal ranger
|9 Česky
|
| 787 |
0 |
8 |
|i Z cyklu:
|t Hraničářův učeň
|g 16
|
| 830 |
|
0 |
|a Fantasy (Egmont)
|0 s
|
| 910 |
2 |
|
|a BOA001
|b 2-1212.666,16
|
| 928 |
9 |
|
|a Albatros Media - Egmont
|
| 990 |
|
|
|a BK
|
| 995 |
|
|
|a 01
|
| 991 |
|
|
|b 202111
|c NOV
|
| 996 |
6 |
|
|b 2610885923
|c 2-1212.666,16
|l MZK
|r Sklad / do 1 hodiny
|n 1
|p p.v.
|w 001869146
|u 000010
|a 1
|e BOA001
|j MZK50
|s P
|